[Event "25th Abu Dhabi Master 2018"]
[Site "Abu Dhabi"]
[Date "2018.08.14"]
[Round "8"]
[White "Rayes, Abdul Kader"]
[Black "Mayank Pal"]
[Result "0-1"]
[WhiteElo "2242"]
[BlackElo "2100"]
[Annotator "NA"]
[PlyCount "149"]
[EventDate "2018.08.05"]
[EventType "swiss"]
[EventCountry "UAE"]
[SourceTitle "playchess.com"]
[Source "ChessBase"]
[SourceQuality "1"]

1. e4 e5 2. Nf3 Nf6 3. Nxe5 d6 4. Nf3 Nxe4 5. d4 d5 6. Bd3 Nc6 7. O-O Be7 8. c4 Nb4 9. Be2 O-O 10. Nc3 Bf5 11. a3 Nxc3 12. bxc3 Nc6 13. Re1 Re8 14. h3 h6 15. Bf4 Rc8 16. Nd2 Bd6 17. Bxd6 Qxd6 18. cxd5 Qxd5 19. Bf3 Rxe1+ 20. Qxe1 Qd7 21. Nc4 Re8 22. Qd1 b6 23. a4 a5 24. Ne3 Bg6 25. Ra2 Ne7 26. Rd2 Kf8 27. Qa1 Qd6 28. Nc4 Qf4 29. Qd1 Be4 30. Bxe4 Qxe4 31. Re2 Qd5 32. Ne3 Qd7 33. Nc4 f6 34. Re3 Nf5 35. Rxe8+ Kxe8 36. Nd2 Nd6 37. Qb3 Qf7 38. c4 Qe6 39. Qd3 Qe1+ 40. Nf1 Ne4 41. f3 Nc3 42. Kh2 Nd1 43. Qg6+ Kf8 44. Ng3 Ne3 45. h4 Qf2 46. Nf5 Nxf5 47. Qxf5 Qxh4+ 48. Qh3 Qxh3+ 49. Kxh3 Kf7 50. Kg4 g6 51. Kf4 h5 52. Ke4 Ke6 53. f4 f5+ 54. Kf3 h4 55. Kf2 Kf6 56. Ke3 g5 57. fxg5+ Kxg5 58. Kf3 f4 59. Ke4 Kg4 60. Kd5 f3 61. gxf3+ Kxf3 62. Kc6 h3 63. d5 h2 64. Kxc7 h1=Q 65. d6 Qc1 66. d7 Qxc4+ 67. Kxb6 Qd5 68. Kc7 Qc5+ 69. Kb7 Qd6 70. Kc8 Qc6+ 71. Kd8 Qxa4 72. Ke7 Qxd7+ 73. Kxd7 a4 74. Ke6 a3 75. Ke5 0-1

[Event "25th Abu Dhabi Master 2018"]
[Site "Abu Dhabi"]
[Date "2018.08.14"]
[Round "8"]
[White "Pranavananda V"]
[Black "Sultan, Ibrahim"]
[Result "1-0"]
[WhiteElo "2232"]
[BlackElo "2140"]
[Annotator "NA"]
[PlyCount "49"]
[EventDate "2018.08.05"]
[EventType "swiss"]
[EventCountry "UAE"]
[SourceTitle "playchess.com"]
[Source "ChessBase"]
[SourceQuality "1"]

1. Nf3 d5 2. e3 Nf6 3. c4 c6 4. Nc3 e6 5. b3 Bd6 6. Bb2 Nbd7 7. Qc2 a6 8. d4 dxc4 9. Bxc4 c5 10. O-O b5 11. Bd3 Bb7 12. Ne4 Bxe4 13. Bxe4 Rc8 14. Bb7 Rb8 15. dxc5 Nxc5 16. Bc6+ Ke7 17. e4 Qb6 18. e5 Qxc6 19. b4 Rhc8 20. Rac1 Nfd7 21. exd6+ Qxd6 22. bxc5 Rxc5 23. Qxh7 g6 24. Qh4+ Ke8 25. Ba3 1-0

[Event "25th Abu Dhabi Master 2018"]
[Site "Abu Dhabi"]
[Date "2018.08.14"]
[Round "8"]
[White "Gajwa Ankit"]
[Black "Panda Sambit"]
[Result "1-0"]
[WhiteElo "2223"]
[BlackElo "2043"]
[Annotator "NA"]
[PlyCount "83"]
[EventDate "2018.08.05"]
[EventType "swiss"]
[EventCountry "UAE"]
[SourceTitle "playchess.com"]
[Source "ChessBase"]
[SourceQuality "1"]

1. e4 c6 2. d4 d5 3. Nd2 dxe4 4. Nxe4 Bf5 5. Ng3 Bg6 6. h4 h6 7. Nf3 e6 8. Ne5 Bh7 9. Bd3 Bxd3 10. Qxd3 Nd7 11. f4 Bb4+ 12. c3 Bd6 13. Nh5 Ngf6 14. Nxg7+ Kf8 15. Nxe6+ fxe6 16. Bd2 Bxe5 17. fxe5 Nxe5 18. Qe2 Neg4 19. O-O-O Qd5 20. Rhf1 Kg7 21. Rf4 Rae8 22. Rxg4+ Nxg4 23. Qxg4+ Kh7 24. Qf4 Kg8 25. Rf1 Rh7 26. Qf6 Qh5 27. g4 Qf7 28. Bxh6 Qxf6 29. Rxf6 Rf7 30. Rg6+ Kh7 31. h5 e5 32. Be3 exd4 33. Bxd4 Re2 34. Bf6 Rh2 35. a4 b5 36. axb5 cxb5 37. Kb1 Rd7 38. Be5 Re2 39. Re6 Rd1+ 40. Ka2 Rde1 41. Re7+ Kh6 42. Bf4# 1-0

[Event "25th Abu Dhabi Master 2018"]
[Site "Abu Dhabi"]
[Date "2018.08.14"]
[Round "8"]
[White "Dushyant Sharma"]
[Black "Wagh Suyog"]
[Result "1-0"]
[WhiteElo "2221"]
[BlackElo "2356"]
[Annotator "NA"]
[PlyCount "103"]
[EventDate "2018.08.05"]
[EventType "swiss"]
[EventCountry "UAE"]
[SourceTitle "playchess.com"]
[Source "ChessBase"]
[SourceQuality "1"]

1. e4 e5 2. Nf3 Nc6 3. Bb5 a6 4. Ba4 Nf6 5. O-O Be7 6. Re1 b5 7. Bb3 d6 8. c3 O-O 9. d4 Bg4 10. Be3 Bh5 11. h3 exd4 12. cxd4 Na5 13. Bc2 Nc4 14. Bc1 c5 15. b3 Nb6 16. Nbd2 Rc8 17. Nf1 Bg6 18. Ng3 Re8 19. Nh4 Nfd7 20. Nhf5 cxd4 21. Bb2 Bf8 22. f4 d5 23. e5 f6 24. Bxd4 fxe5 25. fxe5 Qc7 26. Bd3 Nxe5 27. h4 Bc5 28. Bf1 Bxf5 29. Nxf5 Bxd4+ 30. Qxd4 Qc5 31. Qxc5 Rxc5 32. Re2 Nbd7 33. Rae1 g6 34. Nd4 b4 35. g3 Rf8 36. Bh3 Rc3 37. Rxe5 Nxe5 38. Rxe5 Rxg3+ 39. Bg2 Rg4 40. Rxd5 Rxh4 41. Rd7 Kh8 42. Nf3 Rh5 43. Ra7 a5 44. Nd2 Rg5 45. Ne4 Re5 46. Nd6 Re1+ 47. Kh2 Rf2 48. Kg3 Rxa2 49. Bc6 Rc2 50. Nf7+ Kg8 51. Nh6+ Kf8 52. Rf7# 1-0

[Event "25th Abu Dhabi Master 2018"]
[Site "Abu Dhabi"]
[Date "2018.08.14"]
[Round "8"]
[White "Samant Aditya S"]
[Black "Salonika, Saina"]
[Result "1-0"]
[WhiteElo "2217"]
[BlackElo "2069"]
[Annotator "NA"]
[PlyCount "85"]
[EventDate "2018.08.05"]
[EventType "swiss"]
[EventCountry "UAE"]
[SourceTitle "playchess.com"]
[Source "ChessBase"]
[SourceQuality "1"]

1. e4 c5 2. Nf3 d6 3. d4 cxd4 4. Nxd4 Nf6 5. Nc3 a6 6. h3 e5 7. Nde2 h5 8. Bg5 Be6 9. Bxf6 Qxf6 10. Nd5 Qd8 11. Qd3 g6 12. O-O-O Nc6 13. Kb1 Bg7 14. a3 O-O 15. g3 Rc8 16. h4 Na5 17. Bh3 b5 18. Nec3 Nc4 19. Ne3 Rc6 20. Ncd5 a5 21. Nxc4 bxc4 22. Qc3 Bxd5 23. Rxd5 Qb6 24. f3 Rb8 25. g4 Qb7 26. Ka2 Bh6 27. g5 Bf8 28. Rxa5 Be7 29. Ra4 d5 30. exd5 Rb6 31. Rb1 Bc5 32. Qxe5 Bf8 33. Rxc4 Ra8 34. b4 Bxb4 35. Rcxb4 Rxb4 36. Rxb4 Qxb4 37. Qe8+ Qf8 38. Qxf8+ Kxf8 39. c4 f5 40. gxf6 Kf7 41. c5 Ra5 42. c6 Rc5 43. Bd7 1-0

[Event "25th Abu Dhabi Master 2018"]
[Site "Abu Dhabi"]
[Date "2018.08.14"]
[Round "8"]
[White "Rakshitta Ravi"]
[Black "Ali, Nehad"]
[Result "1-0"]
[WhiteElo "2198"]
[BlackElo "2113"]
[Annotator "NA"]
[PlyCount "157"]
[EventDate "2018.08.05"]
[EventType "swiss"]
[EventCountry "UAE"]
[SourceTitle "playchess.com"]
[Source "ChessBase"]
[SourceQuality "1"]

1. e4 e6 2. d4 d5 3. Nc3 Nf6 4. exd5 exd5 5. Bd3 h6 6. Nge2 Bd6 7. O-O c6 8. Ng3 O-O 9. Nf5 Be6 10. Qf3 Bxf5 11. Bxf5 Nbd7 12. Qh3 Re8 13. Bd2 Nf8 14. Rae1 Qc7 15. Kh1 Bf4 16. Qd3 Bxd2 17. Qxd2 Re7 18. Rxe7 Qxe7 19. Re1 Qb4 20. Kg1 Re8 21. Rd1 Ne6 22. h3 b6 23. Ne4 Qe7 24. Ng3 Ng5 25. Qf4 g6 26. Bd3 Kg7 27. c3 a5 28. h4 Ne6 29. Qf3 h5 30. Ne2 Ng4 31. g3 Qd6 32. Re1 Nf8 33. Rd1 Nh7 34. Qf4 Qe7 35. Kg2 Nhf6 36. Ng1 Ne4 37. Bxe4 dxe4 38. Re1 Nf6 39. Nh3 Nd5 40. Qg5 f6 41. Qd2 b5 42. Nf4 Qd6 43. Nxd5 Qxd5 44. Kg1 Qxa2 45. Qf4 Re7 46. Qd6 Qe6 47. Qxe6 Rxe6 48. Kf1 f5 49. Ke2 Kf6 50. Ke3 a4 51. d5 cxd5 52. Kd4 Rd6 53. Kc5 Ke5 54. Re2 d4 55. cxd4+ Ke6 56. Rd2 Rd5+ 57. Kb4 Kd6 58. Ka5 Ke6 59. Rd1 Kf6 60. Rd2 g5 61. hxg5+ Kxg5 62. Kb6 b4 63. Kc6 Rd8 64. d5 a3 65. bxa3 bxa3 66. d6 Ra8 67. d7 a2 68. Rxa2 Rf8 69. Kc7 h4 70. gxh4+ Kxh4 71. d8=Q+ Rxd8 72. Kxd8 Kg4 73. Ra3 f4 74. Ke7 e3 75. fxe3 f3 76. e4 Kf4 77. e5 f2 78. Ra1 Kxe5 79. Rf1 1-0

[Event "25th Abu Dhabi Master 2018"]
[Site "Abu Dhabi"]
[Date "2018.08.14"]
[Round "8"]
[White "Mendonca, Leon Luke"]
[Black "Karthik Kumar Pradeep"]
[Result "0-1"]
[WhiteElo "2168"]
[BlackElo "2295"]
[Annotator "NA"]
[PlyCount "160"]
[EventDate "2018.08.05"]
[EventType "swiss"]
[EventCountry "UAE"]
[SourceTitle "playchess.com"]
[Source "ChessBase"]
[SourceQuality "1"]

1. d4 e6 2. c4 Nf6 3. g3 Bb4+ 4. Bd2 Qe7 5. Bg2 Nc6 6. Nf3 Bxd2+ 7. Nbxd2 O-O 8. O-O d6 9. e4 e5 10. d5 Nb8 11. Ne1 a5 12. Nd3 Na6 13. Qc2 Bg4 14. f3 Bd7 15. f4 Nb4 16. Qc3 Nxd3 17. Qxd3 Bc8 18. b3 Nd7 19. Qc3 Nc5 20. a3 Bd7 21. fxe5 Qxe5 22. Qxe5 dxe5 23. Rab1 Na6 24. Rfc1 c5 25. Nf3 f6 26. Ne1 Rfc8 27. Nd3 Kf8 28. Kf2 Ke7 29. Ke3 Kd6 30. a4 b6 31. Rb2 Rf8 32. Rf2 Nc7 33. h4 Ke7 34. Rh1 Ne8 35. Bh3 Bxh3 36. Rxh3 h5 37. Rh1 Nd6 38. Rhf1 Nf7 39. Kd2 Nh6 40. Re2 Ng4 41. Rfe1 Kd6 42. Nf2 Nh6 43. Nd1 Rae8 44. Ne3 g6 45. Rf2 Rf7 46. Ref1 Ref8 47. Kd3 f5 48. Rf3 Ng4 49. Ke2 Nh2 50. exf5 Nxf3 51. Rxf3 gxf5 52. Ng2 f4 53. gxf4 exf4 54. Ne1 Rg8 55. Kf2 Rg4 56. Ng2 Ke5 57. Rd3 Rfg7 58. Ne1 Ke4 59. d6 Rd7 60. Rd5 Rg3 61. Ke2 Rxb3 62. Nd3 f3+ 63. Kd2 Rxd3+ 64. Rxd3 f2 65. Re3+ Kd4 66. Rf3 Kxc4 67. Rxf2 Rxd6+ 68. Kc2 Kb4 69. Rf5 Kxa4 70. Rxh5 Rf6 71. Kc3 Kb5 72. Rh8 Rf3+ 73. Kc2 Rh3 74. h5 Kc4 75. h6 b5 76. h7 b4 77. Ra8 Rxh7 78. Rxa5 b3+ 79. Kb2 Kb4 80. Ra8 Rh2+ 0-1

[Event "25th Abu Dhabi Master 2018"]
[Site "Abu Dhabi"]
[Date "2018.08.14"]
[Round "8"]
[White "Esenbek Uulu, Ilimbek"]
[Black "Jonkman, Harmen"]
[Result "0-1"]
[WhiteElo "2159"]
[BlackElo "2404"]
[Annotator "NA"]
[PlyCount "56"]
[EventDate "2018.08.05"]
[EventType "swiss"]
[EventCountry "UAE"]
[SourceTitle "playchess.com"]
[Source "ChessBase"]
[SourceQuality "1"]

1. d4 d5 2. c4 dxc4 3. Nf3 a6 4. e3 Nf6 5. Bxc4 e6 6. Nc3 b5 7. Bd3 Bb7 8. O-O Nbd7 9. Qe2 c5 10. Rd1 Qb8 11. e4 cxd4 12. Nxd4 Bd6 13. Kh1 h6 14. e5 Nxe5 15. Bf4 Nxd3 16. Bxd6 Qxd6 17. Rxd3 O-O 18. Rad1 Qf4 19. Nb3 Ng4 20. Rg3 Nxf2+ 21. Kg1 Nxd1 22. Nxd1 Rfd8 23. Rg4 Qd6 24. Nf2 Rac8 25. Qe3 f5 26. Rd4 Qc6 27. Rxd8+ Rxd8 28. Qg3 e5 0-1

[Event "25th Abu Dhabi Master 2018"]
[Site "Abu Dhabi"]
[Date "2018.08.14"]
[Round "8"]
[White "Ajay Karthikeyan"]
[Black "Raghunandan, Kaumandur Srihari"]
[Result "0-1"]
[WhiteElo "2156"]
[BlackElo "2404"]
[Annotator "NA"]
[PlyCount "74"]
[EventDate "2018.08.05"]
[EventType "swiss"]
[EventCountry "UAE"]
[SourceTitle "playchess.com"]
[Source "ChessBase"]
[SourceQuality "1"]

1. d4 Nf6 2. Bf4 c5 3. d5 Qb6 4. Nc3 d6 5. Rb1 g6 6. Qd2 Bg7 7. e4 O-O 8. Nf3 Qa5 9. h3 a6 10. Bd3 b5 11. a3 Bb7 12. O-O Rc8 13. Rfe1 Nbd7 14. Bh6 Bh8 15. Qg5 b4 16. axb4 cxb4 17. Ne2 Nc5 18. Ned4 Qd8 19. Qh4 Nxd3 20. cxd3 a5 21. Re3 a4 22. Ng5 a3 23. bxa3 bxa3 24. Rf3 a2 25. Ra1 Rcb8 26. Bf8 h5 27. Nge6 fxe6 28. Nxe6 Qe8 29. Qg5 Bc8 30. Bxe7 Qxe7 31. Qxg6+ Bg7 32. Ng5 Rb1+ 33. Kh2 Rxa1 34. Rxf6 Qxf6 35. Qe8+ Bf8 36. Qxh5 Qf4+ 37. g3 Qxf2# 0-1

[Event "25th Abu Dhabi Master 2018"]
[Site "Abu Dhabi"]
[Date "2018.08.14"]
[Round "8"]
[White "Isha Sharma"]
[Black "Al Hosani, Omran"]
[Result "0-1"]
[WhiteElo "2145"]
[BlackElo "2135"]
[Annotator "NA"]
[PlyCount "60"]
[EventDate "2018.08.05"]
[EventType "swiss"]
[EventCountry "UAE"]
[SourceTitle "playchess.com"]
[Source "ChessBase"]
[SourceQuality "1"]

1. e4 c5 2. Nf3 e6 3. d3 Nc6 4. g3 g6 5. Bg2 Bg7 6. O-O Nge7 7. c3 e5 8. Be3 d6 9. d4 exd4 10. cxd4 Bg4 11. d5 Bxf3 12. Bxf3 Nd4 13. Bg2 O-O 14. Nd2 f5 15. f3 Qb6 16. Rb1 Qa6 17. Nb3 f4 18. Bf2 Nxb3 19. Qxb3 g5 20. gxf4 Rxf4 21. Be3 Ng6 22. Bh3 Bd4 23. Kh1 c4 24. Be6+ Kf8 25. Qa3 Qxa3 26. bxa3 Bxe3 27. Rxb7 c3 28. Rc7 Bc5 29. Rxh7 c2 30. Rc1 Rb8 0-1

[Event "25th Abu Dhabi Master 2018"]
[Site "Abu Dhabi"]
[Date "2018.08.14"]
[Round "8"]
[White "Hakobyan, Eduard"]
[Black "Thompson, Ian D"]
[Result "1-0"]
[WhiteElo "2134"]
[BlackElo "2156"]
[Annotator "NA"]
[PlyCount "39"]
[EventDate "2018.08.05"]
[EventType "swiss"]
[EventCountry "UAE"]
[SourceTitle "playchess.com"]
[Source "ChessBase"]
[SourceQuality "1"]

1. e4 e6 2. d4 d5 3. Nd2 Nf6 4. e5 Nfd7 5. c3 c5 6. Bd3 Nc6 7. Ne2 cxd4 8. cxd4 f6 9. exf6 Qxf6 10. Nf3 h6 11. O-O Bd6 12. Ng3 O-O 13. Bb1 Rf7 14. Re1 Nf8 15. Nh5 Qd8 16. Ne5 Nxe5 17. dxe5 Bc5 18. Be3 Qb6 19. b3 Rxf2 20. Kxf2 1-0

[Event "25th Abu Dhabi Master 2018"]
[Site "Abu Dhabi"]
[Date "2018.08.14"]
[Round "8"]
[White "Villanueva, Nelson"]
[Black "Parnali, S Dharia"]
[Result "1-0"]
[WhiteElo "2133"]
[BlackElo "2218"]
[Annotator "NA"]
[PlyCount "71"]
[EventDate "2018.08.05"]
[EventType "swiss"]
[EventCountry "UAE"]
[SourceTitle "playchess.com"]
[Source "ChessBase"]
[SourceQuality "1"]

1. Nf3 Nf6 2. d4 d5 3. c4 e6 4. g3 Be7 5. Bg2 O-O 6. O-O dxc4 7. Qc2 a6 8. a4 c5 9. Qxc4 cxd4 10. Nxd4 e5 11. Nf3 Nc6 12. Qc3 Bb4 13. Qc2 Be6 14. Rd1 Qe7 15. Bg5 Rac8 16. Nc3 Na5 17. Bxf6 gxf6 18. Nh4 Qc5 19. Qe4 Bxc3 20. Rac1 Qb4 21. bxc3 Qxe4 22. Bxe4 Rc4 23. f3 Rxa4 24. Nf5 Nb3 25. Rb1 b5 26. Bc2 Bxf5 27. Bxf5 Nc5 28. Rd6 Kg7 29. Rc6 Rc4 30. Rb4 Rxc3 31. Rg4+ Kh8 32. Rxf6 Rg8 33. Rh4 Kg7 34. Rb6 Rh8 35. Rg4+ Kf8 36. Rb8+ 1-0

[Event "25th Abu Dhabi Master 2018"]
[Site "Abu Dhabi"]
[Date "2018.08.14"]
[Round "8"]
[White "Byron, Alan M"]
[Black "Srinivasa Rao, M.."]
[Result "1-0"]
[WhiteElo "2132"]
[BlackElo "2160"]
[Annotator "NA"]
[PlyCount "88"]
[EventDate "2018.08.05"]
[EventType "swiss"]
[EventCountry "UAE"]
[SourceTitle "playchess.com"]
[Source "ChessBase"]
[SourceQuality "1"]

1. e4 c5 2. Nf3 d6 3. d4 cxd4 4. Nxd4 Nf6 5. Nc3 a6 6. Be2 e5 7. Nb3 Be7 8. Be3 Be6 9. f3 Nbd7 10. Qd2 b5 11. O-O-O b4 12. Na4 d5 13. Kb1 d4 14. Bf2 Qc7 15. Nc1 Qc6 16. b3 O-O 17. Nd3 Rfc8 18. g4 a5 19. Bg3 Bd6 20. g5 Nh5 21. Rc1 Qc7 22. Rhf1 Bh3 23. Rf2 f5 24. exf5 Bxf5 25. Ndb2 Nc5 26. Nxc5 Bxc5 27. Bd3 Rf8 28. Re1 Bd6 29. Nc4 Nxg3 30. hxg3 Bxd3 31. Qxd3 a4 32. Qe4 Rad8 33. Rh1 g6 34. Rfh2 axb3 35. axb3 Qf7 36. Rxh7 Qxh7 37. Rxh7 Kxh7 38. Qh4+ Kg8 39. Qh6 Kf7 40. Qh7+ Ke6 41. Qxg6+ Kd5 42. Qe4+ Ke6 43. f4 Rf5 44. Kb2 Rc8 1-0

[Event "25th Abu Dhabi Master 2018"]
[Site "Abu Dhabi"]
[Date "2018.08.14"]
[Round "8"]
[White "Al Hajiri, Bader"]
[Black "Sarvesh Kumar, A."]
[Result "1-0"]
[WhiteElo "2120"]
[BlackElo "2145"]
[Annotator "NA"]
[PlyCount "37"]
[EventDate "2018.08.05"]
[EventType "swiss"]
[EventCountry "UAE"]
[SourceTitle "playchess.com"]
[Source "ChessBase"]
[SourceQuality "1"]

1. d4 d5 2. Nf3 Nf6 3. c4 c6 4. Nc3 e6 5. e3 Nbd7 6. Bd3 dxc4 7. Bxc4 b5 8. Bd3 a6 9. e4 c5 10. e5 cxd4 11. Nxb5 axb5 12. exf6 Qxf6 13. Bg5 Bb4+ 14. Ke2 O-O 15. Bxf6 Nxf6 16. a3 Bc5 17. Re1 e5 18. Nxe5 Re8 19. Kf1 1-0

[Event "25th Abu Dhabi Master 2018"]
[Site "Abu Dhabi"]
[Date "2018.08.14"]
[Round "8"]
[White "Priyanka, Kumari"]
[Black "Aronyak Ghosh"]
[Result "1/2-1/2"]
[WhiteElo "2005"]
[BlackElo "2318"]
[Annotator "NA"]
[PlyCount "92"]
[EventDate "2018.08.05"]
[EventType "swiss"]
[EventCountry "UAE"]
[SourceTitle "playchess.com"]
[Source "ChessBase"]
[SourceQuality "1"]

1. e4 c6 2. d4 d5 3. exd5 cxd5 4. Bf4 Nc6 5. c3 Bf5 6. Nd2 e6 7. Qb3 Qd7 8. Ngf3 Nge7 9. Be2 Ng6 10. Bg3 Bd6 11. Bxd6 Qxd6 12. O-O Nf4 13. Rfe1 Nxe2+ 14. Rxe2 O-O 15. Rae1 Rab8 16. Qd1 Rfc8 17. Re3 Bg6 18. Ne5 Nxe5 19. dxe5 Qa6 20. a3 b5 21. Nb3 Qa4 22. Nd4 a5 23. Qxa4 bxa4 24. R1e2 Rb6 25. Rd2 Rcb8 26. Ree2 Kf8 27. Kf1 Ke7 28. f4 Be4 29. Ke1 Rc8 30. Rf2 f6 31. Kd1 h6 32. h4 h5 33. Rde2 Rcb8 34. Kc1 Rf8 35. Kd1 Rh8 36. Re3 Rf8 37. Ree2 Rg8 38. Re3 Rgb8 39. Kc1 Rf8 40. Ree2 Bd3 41. Re3 Be4 42. Ree2 Rg8 43. Re3 fxe5 44. fxe5 g5 45. Rg3 g4 46. Re3 g3 1/2-1/2

[Event "25th Abu Dhabi Master 2018"]
[Site "Abu Dhabi"]
[Date "2018.08.14"]
[Round "8"]
[White "Nitin Shankar Madhu"]
[Black "Gupta, Abhijeet"]
[Result "1-0"]
[WhiteElo "1982"]
[BlackElo "2614"]
[Annotator "TA"]
[PlyCount "97"]
[EventDate "2018.08.05"]
[EventType "swiss"]
[EventCountry "UAE"]
[SourceTitle "playchess.com"]
[Source "ChessBase"]
[SourceQuality "1"]

1. e4 c5 2. Nf3 d6 3. d4 cxd4 4. Nxd4 Nf6 5. Nc3 Nc6 6. f3 e5 7. Nb3 Be7 8. Be3 Be6 9. Nd5 Bxd5 10. exd5 Nb4 11. c4 a5 12. Qd2 b6 13. Be2 O-O 14. O-O Na6 15. Nc1 Nd7 16. Bd1 Nac5 17. Ne2 f5 18. g3 Qe8 19. Bc2 Qh5 20. Nc3 Kh8 21. Rae1 Rf7 22. b3 Raf8 23. f4 exf4 24. Bxf4 Ne5 25. Bxe5 dxe5 26. Rxe5 Bd6 27. Qe2 Qg5 28. Rexf5 Rxf5 29. Bxf5 Bxg3 30. hxg3 Qxg3+ 31. Kh1 Qxc3 32. Qe7 Rg8 33. d6 g6 34. Bg4 h5 35. Rf7 Rg7 36. d7 Nxd7 37. Rxg7 Qc1+ 38. Kg2 Qb2+ 39. Kg3 h4+ 40. Kh3 Qxg7 41. Qxg7+ Kxg7 42. Bxd7 g5 43. a3 Kf6 44. Kg4 Ke7 45. Bf5 Kf6 46. Bc8 Kg6 47. b4 axb4 48. axb4 Kf6 49. b5 1-0

[Event "25th Abu Dhabi Master 2018"]
[Site "Abu Dhabi"]
[Date "2018.08.14"]
[Round "8"]
[White "Al-Zaabi, Sultan"]
[Black "Polakhare Aryan"]
[Result "1-0"]
[WhiteElo "1945"]
[BlackElo "1957"]
[Annotator "NA"]
[PlyCount "85"]
[EventDate "2018.08.05"]
[EventType "swiss"]
[EventCountry "UAE"]
[SourceTitle "playchess.com"]
[Source "ChessBase"]
[SourceQuality "1"]

1. c4 Nf6 2. g3 e5 3. Bg2 d5 4. cxd5 Nxd5 5. Nc3 Nb6 6. e3 Be7 7. Nge2 Nc6 8. O-O O-O 9. f4 exf4 10. Nxf4 Bf6 11. d4 g6 12. Kh1 Bg7 13. Qf3 Bd7 14. b3 f5 15. Bb2 Re8 16. Rad1 a5 17. h4 a4 18. Qf2 Kh8 19. e4 fxe4 20. Nxe4 Bg4 21. Ng5 Qd7 22. Rd2 Rf8 23. d5 Ne5 24. Qe3 Qd6 25. Re1 Rae8 26. Nfe6 Nbd7 27. Nxf8 Rxf8 28. bxa4 Qa6 29. Ne6 Rf5 30. Nxg7 Kxg7 31. Be4 Rf1+ 32. Rxf1 Qxf1+ 33. Kh2 Kg8 34. Bg2 Qf5 35. Rf2 Qh5 36. Qf4 Qf5 37. Qe3 Qh5 38. d6 cxd6 39. Qb3+ Kh8 40. Qf7 Qh6 41. Qe8+ Nf8 42. Rxf8+ Kg7 43. Rf7# 1-0

[Event "25th Abu Dhabi Master 2018"]
[Site "Abu Dhabi"]
[Date "2018.08.15"]
[Round "9"]
[White "Rapport, Richard"]
[Black "Nihal Sarin"]
[Result "1-0"]
[WhiteElo "2719"]
[BlackElo "2556"]
[Annotator "TA"]
[PlyCount "75"]
[EventDate "2018.08.05"]
[EventType "swiss"]
[EventCountry "UAE"]
[SourceTitle "playchess.com"]
[Source "ChessBase"]
[SourceQuality "1"]

1. e4 c5 2. Nc3 Nc6 3. Bb5 Nd4 4. Nf3 Nxb5 5. Nxb5 d6 6. d4 Nf6 7. Qd3 a6 8. Nc3 cxd4 9. Nxd4 e5 10. Nf5 Bxf5 11. exf5 h6 12. Bd2 Be7 13. O-O-O O-O 14. g4 d5 15. g5 d4 16. gxf6 dxc3 17. Qxc3 Bxf6 18. Bxh6 Qc8 19. Qxc8 Rfxc8 20. Rhg1 Kf8 21. Be3 Ke7 22. Rg4 Rd8 23. Rb4 Rxd1+ 24. Kxd1 Rd8+ 25. Ke2 Rd7 26. a4 Kd6 27. b3 Kc7 28. Rc4+ Kb8 29. Bb6 Bg5 30. Rg4 f6 31. Rc4 Bh6 32. Kf3 Re7 33. Kg4 Bf4 34. h3 Bh6 35. Kh5 Rd7 36. Kg6 Rd1 37. Rc3 Rg1+ 38. Kf7 1-0

[Event "25th Abu Dhabi Master 2018"]
[Site "Abu Dhabi"]
[Date "2018.08.15"]
[Round "9"]
[White "Sargissian, Gabriel"]
[Black "Korobov, Anton"]
[Result "1/2-1/2"]
[WhiteElo "2680"]
[BlackElo "2664"]
[Annotator "TA"]
[PlyCount "20"]
[EventDate "2018.08.05"]
[EventType "swiss"]
[EventCountry "UAE"]
[SourceTitle "playchess.com"]
[Source "ChessBase"]
[SourceQuality "1"]

1. Nf3 d5 2. g3 Bg4 3. Bg2 Nd7 4. O-O Ngf6 5. h3 Bh5 6. d3 e5 7. e4 dxe4 8. dxe4 Nxe4 9. Re1 Bxf3 10. Qxf3 Nd6 1/2-1/2

[Event "25th Abu Dhabi Master 2018"]
[Site "Abu Dhabi"]
[Date "2018.08.15"]
[Round "9"]
[White "Akopian, Vladimir"]
[Black "Nitin, S.."]
[Result "1-0"]
[WhiteElo "2655"]
[BlackElo "2449"]
[Annotator "TA"]
[PlyCount "71"]
[EventDate "2018.08.05"]
[EventType "swiss"]
[EventCountry "UAE"]
[SourceTitle "playchess.com"]
[Source "ChessBase"]
[SourceQuality "1"]

1. e4 c5 2. Nf3 d6 3. c3 Nf6 4. Be2 Nbd7 5. d3 g6 6. O-O Bg7 7. Bg5 h6 8. Bh4 O-O 9. Nbd2 b6 10. d4 e5 11. dxe5 dxe5 12. Bc4 Bb7 13. Re1 Qc7 14. a4 Bc6 15. Bb5 a6 16. Bxc6 Qxc6 17. Bxf6 Qxf6 18. Nc4 Qe6 19. Qe2 b5 20. Ne3 Qc6 21. Red1 Kh7 22. h4 c4 23. h5 Nc5 24. axb5 axb5 25. Nd5 Nd3 26. Rxa8 Qxa8 27. Ne1 Nf4 28. Nxf4 exf4 29. hxg6+ fxg6 30. Nf3 Rd8 31. Rxd8 Qxd8 32. e5 Qd3 33. Qe1 Kg8 34. e6 Kf8 35. e7+ Ke8 36. Qe6 1-0

[Event "25th Abu Dhabi Master 2018"]
[Site "Abu Dhabi"]
[Date "2018.08.15"]
[Round "9"]
[White "Parligras, Mircea-Emilian"]
[Black "Aliyev, Ravan"]
[Result "1-0"]
[WhiteElo "2645"]
[BlackElo "2346"]
[Annotator "TA"]
[PlyCount "65"]
[EventDate "2018.08.05"]
[EventType "swiss"]
[EventCountry "UAE"]
[SourceTitle "playchess.com"]
[Source "ChessBase"]
[SourceQuality "1"]

1. d4 Nf6 2. c4 g6 3. Nc3 Bg7 4. e4 d6 5. h3 O-O 6. Be3 c5 7. Nf3 cxd4 8. Nxd4 b6 9. Qd2 Bb7 10. f3 Re8 11. O-O-O a6 12. Bh6 Nc6 13. Bxg7 Kxg7 14. g4 Nxd4 15. Qxd4 Kg8 16. h4 Qc7 17. h5 g5 18. h6 Qc5 19. Qd2 Qe5 20. Nd5 Bxd5 21. exd5 Rac8 22. Kb1 Kh8 23. Re1 Qf4 24. Qxf4 gxf4 25. g5 Nd7 26. Bh3 Ne5 27. Bxc8 Rxc8 28. Re4 Rg8 29. Rxf4 Rxg5 30. Re4 Kg8 31. Re3 Rg3 32. Rhe1 Kf8 33. f4 1-0

[Event "25th Abu Dhabi Master 2018"]
[Site "Abu Dhabi"]
[Date "2018.08.15"]
[Round "9"]
[White "Vocaturo, Daniele"]
[Black "Sankalp Gupta"]
[Result "1-0"]
[WhiteElo "2617"]
[BlackElo "2304"]
[Annotator "TA"]
[PlyCount "67"]
[EventDate "2018.08.05"]
[EventType "swiss"]
[EventCountry "UAE"]
[SourceTitle "playchess.com"]
[Source "ChessBase"]
[SourceQuality "1"]

1. e4 e6 2. d4 d5 3. Nd2 Be7 4. Ngf3 Nf6 5. e5 Nfd7 6. Bd3 c5 7. c3 Nc6 8. O-O O-O 9. Re1 cxd4 10. cxd4 f6 11. exf6 Nxf6 12. Nb3 Bd6 13. Bg5 Qb6 14. Ne5 Ne4 15. Nxc6 Nxg5 16. Ne5 a5 17. Qh5 Ne4 18. Bxe4 dxe4 19. Nc4 Qc7 20. Nxd6 Qxd6 21. Rxe4 a4 22. Qc5 Qd8 23. Nd2 Ra5 24. Qc3 Raf5 25. f3 b5 26. Rae1 Qb6 27. Qb4 Qc7 28. Re5 Bd7 29. Nf1 Rf4 30. Ng3 Rc8 31. Ne4 Qc4 32. Qd2 Rxe4 33. fxe4 Qxa2 34. Rc5 1-0

[Event "25th Abu Dhabi Master 2018"]
[Site "Abu Dhabi"]
[Date "2018.08.15"]
[Round "9"]
[White "Karthikeyan, Murali"]
[Black "Kadric, Denis"]
[Result "1-0"]
[WhiteElo "2609"]
[BlackElo "2537"]
[Annotator "TA"]
[PlyCount "87"]
[EventDate "2018.08.05"]
[EventType "swiss"]
[EventCountry "UAE"]
[SourceTitle "playchess.com"]
[Source "ChessBase"]
[SourceQuality "1"]

1. e4 d6 2. d4 Nf6 3. Nc3 e5 4. Nf3 Nbd7 5. Bc4 Be7 6. O-O O-O 7. Re1 c6 8. a4 exd4 9. Nxd4 Ne5 10. Bb3 Re8 11. h3 Ng6 12. f4 Nd7 13. Nf5 Nc5 14. Nxe7+ Qxe7 15. Bd2 Qh4 16. f5 Nxb3 17. cxb3 Ne5 18. Rf1 b6 19. Be1 Qg5 20. Bd2 Qh4 21. Qe2 a5 22. Qe3 Ba6 23. Rf4 Qd8 24. f6 g6 25. Rd1 Re6 26. Be1 Nd7 27. Bh4 Qf8 28. Rf2 Nc5 29. Bg5 Qe8 30. Qg3 Rd8 31. Rfd2 Qf8 32. Bf4 Nb7 33. Kh2 Kh8 34. Qh4 Nc5 35. Qg3 Nb7 36. Rd4 Rd7 37. Qh4 Qe8 38. e5 Nc5 39. Qh6 Qg8 40. Rxd6 Rdxd6 41. Rxd6 Rxd6 42. exd6 Ne6 43. d7 Bd3 44. Bc7 1-0